AH International Schools' Libraries

Savanna Animals / (Record no. 47895)

MARC details
000 -LEADER
fixed length control field 00375nam a2200121 4500
020 ## - INTERNATIONAL STANDARD BOOK NUMBER
International Standard Book Number 9791027607044
100 ## - MAIN ENTRY--PERSONAL NAME
Personal name Dussaussois, Sophie
9 (RLIN) 85704
245 ## - TITLE STATEMENT
Title Savanna Animals /
Statement of responsibility, etc Sophie Dussaussois & Aurelie Verdon
260 ## - PUBLICATION, DISTRIBUTION, ETC. (IMPRINT)
Place of publication, distribution, etc UK
Name of publisher, distributor, etc Twirl
Date of publication, distribution, etc 2018
300 ## - PHYSICAL DESCRIPTION
Extent unpaged.
Other physical details col. ill. : (3D pictures)
Dimensions 27 cm.
648 ## - SUBJECT ADDED ENTRY--CHRONOLOGICAL TERM
Source of heading or term Savanna Animals
Chronological term Juvenile Literature
9 (RLIN) 85701
942 ## - ADDED ENTRY ELEMENTS (KOHA)
Source of classification or shelving scheme
Koha item type Board Book
Holdings
Withdrawn status Lost status Source of classification or shelving scheme Damaged status Not for loan Collection code Home library Current library Shelving location Date acquired Total Checkouts Full call number Barcode Date last seen Date checked out Price effective from Koha item type
          TEACHERS' RESOURCES Asian Hope Primary Library Asian Hope Primary Library Board Books 11/20/2024 1 BB 591.96 DUS 207003 12/01/2025 10/02/2025 11/20/2024 Board Book

For any Logos Library related questions please contact Miss Art at swongnarasuk@asianhope.org.

For any Asian Hope Library related questions please contact Miss Raza at graza@asianhope.org.

Powered by Koha